| 000 | 00435nam a22001337a 4500 | ||
|---|---|---|---|
| 040 | _cNUST | ||
| 082 | _a220 PRO | ||
| 100 |
_aPC Mujahid Hussain NS Muzammil Mansoor _998624 |
||
| 110 |
_aProject Supervisor Dr Umer Asgher Dr Rehan Zafar Paracha Lec Usman Asad _998625 |
||
| 245 | _aPR-SOF-2129-Intellegent Liquid Handeling Robot | ||
| 260 |
_aISLAMABAD: _bNUST COLLEGE OF EME, _c2022. |
||
| 650 |
_aDE-MTS-40 _998604 |
||
| 942 |
_2ddc _cPR |
||
| 999 |
_c591333 _d591333 |
||